000 00335 a2200157 4500
001 56701
020 _a8535704329
040 _cAnchieta - Pituba
100 _aMott, Odette de Barros
240 1 0 _aA 8ª série C
_lpor
245 1 0 _aA 8ª série C
300 _a168
362 0 _a2005
650 4 _aLiteratura juvenil
942 _cBK
999 _c56701
_d56701